00756nam a2200241 a 4500001001300000003000900013005001700022008004100039020001000080082001600090100002100106245005900127260003500186300000900221500003500230505005900265650002200324700002100346902000800367942000700375952011700382999001500499nice12345678IN_TiNIC20260116012519.0050524s1951 hyda grp 000 0 urd  ac10000a954.84bWAR aWarsi, Masum Ali aMakateeb-E-Yameenus Saltanatb Maharaja Kishan Prashad aHyderabadbMaqbool Warsic1951 a144p aincludes index and biblioraphy2 amaulana hafiz daraz al-hashiyatah/Al-minhiyal-al-salam aHyderabad-History1 aWarsi, Masum Ali bSRS cBK 001040708StackRoom-aHMIbHMId2007-04-11g100.00l0o954.84 WARp013474r2007-04-11v100.00w2005-05-24yBK c7308d7308